[Event "Manila ol (Men)"]
[Site "Manila"]
[Date "1992.??.??"]
[Round "?"]
[White "Grosar, Aljosa"]
[Black "Bologan, Viktor"]
[Result "1-0"]
[WhiteElo "2455"]
[BlackElo "2585"]

1.e4 d6 2.d4 Nf6 3.Nc3 e5 4.dxe5 dxe5 5.Qxd8+ Kxd8 6.Bc4 Be6 7.Bxe6 fxe6
8.Bg5 Bd6 9.O-O-O Ke7 10.f3 a6 11.Nge2 Nc6 12.Rhf1 Bc5 13.f4 exf4 14.Nxf4 Rhf8
15.Nh5 Rf7 16.Nxg7 Rg8 17.Rxf6 Rxf6 18.e5 Nxe5 19.Ne4 Be3+ 20.Bxe3 Rg6 21.Bc5+ Kf7
22.Nh5 Rc8 23.Rf1+ Kg8 24.Nef6+ Kh8 25.Bd4 Nc6 26.Bc3 e5 27.g4 Rf8 28.Rf2 b6
29.h3 Nd4 30.Bxd4 exd4 31.Rf5 h6 32.Kd2 Rg5 33.Kd3 Rxf5 34.gxf5 c5 35.Ke4 a5
36.Ng4 b5 37.Ne5 Kh7 38.f6 Rd8 39.f7 c4 40.Nf6+ Kg7 41.Nfd7  1-0

[Event "Manila ol (Women)"]
[Site "Manila"]
[Date "1992.??.??"]
[Round "?"]
[White "Levitina, Irina S"]
[Black "Fomina, Tatyana"]
[Result "1-0"]
[WhiteElo "2400"]
[BlackElo "2240"]

1.d4 d6 2.e4 Nf6 3.Nc3 e5 4.dxe5 dxe5 5.Qxd8+ Kxd8 6.Bc4 Be6 7.Bxe6 fxe6
8.Nf3 Bd6 9.Be3 Nc6 10.Nd2 a6 11.f3 Nd4 12.O-O-O b5 13.Rhe1 Ke7 14.Ncb1 Nc6
15.Nb3 Nd7 16.Nc3 Rhb8 17.Re2 a5 18.a4 bxa4 19.Nxa4 Rb4 20.Nc3 a4 21.Nd2 Nd4
22.Bxd4 exd4 23.Na2 Rb5 24.Nc4 e5 25.c3 Nc5 26.f4 d3 27.Ree1 Ke6 28.f5+ Kf6
29.Kb1 Rab8 30.Nc1 Rxb2+ 31.Nxb2 a3 32.Rd2 Na4 33.Nxd3 Nxc3+ 34.Kc2 axb2
35.Nxb2 Nb5 36.Red1 Nd4+ 37.Kb1 Bb4 38.Rd3 c5 39.g4 Nb5 40.Rc1 Nd4 41.h4 h6
42.Rc4 Be1 43.Rh3 Bb4 44.Rg3 Nb5 45.g5+ hxg5 46.hxg5+ Ke7 47.Rd3 Nd6 48.Rxd6 Kxd6
49.Rc2 Kc6 50.g6 Be1 51.Kc1 Rd8 52.Nc4 Bg3 53.Na5+ Kb6 54.Nb3 Bh4 55.Nxc5 Bf6
56.Na4+ Kb5 57.Nc3+ Ka5 58.Nd5 Bg5+ 59.Kd1 Ka4 60.Rc7 Bh6 61.Re7 Kb5 62.Ke2  1-0

[Event "Manila ol (Men)"]
[Site "Manila"]
[Date "1992.??.??"]
[Round "?"]
[White "Soylu, Suat"]
[Black "Nevednichy, Vladislav"]
[Result "1/2-1/2"]
[WhiteElo "2335"]
[BlackElo "2470"]

1.e4 d6 2.d4 Nf6 3.Nc3 e5 4.Nf3 Nbd7 5.Bc4 Be7 6.O-O O-O 7.a4 c6 8.Ba2 a5
9.h3 exd4 10.Nxd4 Nc5 11.Qf3 Qb6 12.Nf5 Bxf5 13.Qxf5 Qb4 14.e5 dxe5 15.Qxe5 Rfe8
16.Qf4 Rad8 17.Qc4 Ne6 18.Be3 Bc5 19.Bxc5 Qxc5 20.Qxc5 Nxc5 21.Rad1 Na6 22.Bb3 Nd7
23.Rfe1 Ndc5 24.Rxd8 Rxd8 25.Bc4 Kf8 26.Bxa6 Nxa6 27.Re2 Nc5 28.Kf1 f6 29.b3 Kf7
30.g3 g5 31.Kg2 h5 32.Ne4 Nxe4 33.Rxe4 Rd2 34.Rc4 Ke6 35.Rc5 Rd5 36.Rc4 f5
37.Kf3 Ke5 38.Ke3 g4 39.h4 c5 40.Rc3 b6 41.f4+ gxf3 42.Kxf3 Rd4 43.Re3+ Re4
44.c3 Rxe3+ 45.Kxe3 Ke6 46.Kf4 b5 47.c4  1/2-1/2

[Event "Manila ol (Men)"]
[Site "Manila"]
[Date "1992.??.??"]
[Round "?"]
[White "Wedberg, Tom"]
[Black "Nevednichy, Vladislav"]
[Result "1-0"]
[WhiteElo "2465"]
[BlackElo "2470"]

1.e4 d6 2.d4 Nf6 3.Nc3 e5 4.Nf3 Nbd7 5.Bc4 Be7 6.O-O O-O 7.Qe2 c6 8.a4 exd4
9.Nxd4 Re8 10.Ba2 Bf8 11.Qf3 Ne5 12.Qd1 a5 13.h3 Qb6 14.Nde2 Ned7 15.Ng3 Nc5
16.Bg5 Ncxe4 17.Ngxe4 Nxe4 18.Nxe4 Rxe4 19.Bxf7+ Kh8 20.Qf3 Re5 21.Rae1 Qc5
22.Bb3 Bf5 23.Bf4 Rxe1 24.Rxe1 Bg6 25.Be3 Qb4 26.Qd1 d5 27.c3 Qh4 28.Qd4 Qxd4
29.Bxd4 Bf7 30.Bc2 Bd6 31.Bb6 Kg8 32.Bd3 h6 33.g3 Kf8 34.Kg2 Be8 35.b3 c5
36.Re6 Be7 37.Bb5 Bxb5 38.axb5 a4 39.bxa4 Rxa4 40.Bc7 d4 41.cxd4 Rxd4 42.Rb6 c4
43.Rxb7 c3 44.Be5 c2 45.Bxg7+ Kxg7 46.Rxe7+ Kf6 47.Rc7  1-0

[Event "Manila ol (Men)"]
[Site "Manila"]
[Date "1992.??.??"]
[Round "?"]
[White "Kanstler, Boris"]
[Black "Ermenkov, Evgenij"]
[Result "1/2-1/2"]
[WhiteElo "2445"]
[BlackElo "2505"]

1.d4 d6 2.e4 Nf6 3.Nc3 e5 4.Nf3 Nbd7 5.Bc4 Be7 6.O-O O-O 7.Re1 c6 8.a4 Qc7
9.Bg5 Re8 10.h3 b6 11.dxe5 dxe5 12.Nh4 Nc5 13.Qf3 Be6  1/2-1/2

[Event "Manila ol (Women)"]
[Site "Manila"]
[Date "1992.??.??"]
[Round "?"]
[White "Flear, Christine"]
[Black "Dekic, Biljana N"]
[Result "1/2-1/2"]
[WhiteElo "2210"]
[BlackElo "2135"]

1.d4 d6 2.e4 Nf6 3.Nc3 e5 4.dxe5 dxe5 5.Qxd8+ Kxd8 6.Bc4 Be6 7.Bxe6 fxe6
8.Nf3 Bd6 9.Be3 Nc6 10.O-O-O Ke7 11.Nd2 h6 12.f3 a6 13.Nb3 Nd8 14.a3 b5  1/2-1/2

[Event "Manila ol (Men)"]
[Site "Manila"]
[Date "1992.??.??"]
[Round "?"]
[White "Handoko, Edhi"]
[Black "Annakov, Babakuli"]
[Result "1-0"]
[WhiteElo "2390"]
[BlackElo "2365"]

1.e4 d6 2.d4 Nf6 3.Nc3 e5 4.Nf3 Nbd7 5.Be2 Be7 6.O-O O-O 7.Re1 c6 8.a4 b6
9.h3 Rb8 10.Bf1 a6 11.Bg5 b5 12.axb5 axb5 13.b4 Bb7 14.Qd2 Ra8 15.Rxa8 Qxa8
16.Nh4 g6 17.Bh6 exd4 18.Nf5 Re8 19.Nxe7+ Rxe7 20.Qxd4 Re6 21.f3 Qa6 22.Ne2 c5
23.Qb2 Qb6 24.Be3 Nd5 25.bxc5 dxc5 26.Bf2 Nc7 27.Rd1 Nf8 28.Nc3 Ba6 29.Nd5 Nxd5
30.Rxd5 Rc6 31.f4 Rc7 32.Qe5 f6 33.Qb2 Bb7 34.Rd8 Bxe4 35.Bxb5 Kg7 36.c4 Ne6
37.Re8 Qd6 38.Qe2 Bf5 39.Qf3 Rb7 40.Kh2 Ra7 41.Qb7+ Kh6 42.Bg3 Nc7 43.Re1 Ra3
44.Qc6 Qd2 45.Re7 Ne6 46.Qa8 Qe2 47.Bc6 Bxh3 48.Rxe6 Qxe6 49.Qf8+ Kh5 50.Qxc5+ f5
51.Kxh3 Rb3 52.Bf3+ Rxf3 53.gxf3 Qe2 54.Qd5 Qf1+ 55.Kh2 Qe2+ 56.Kg1 Qe3+
57.Kg2 Qe2+ 58.Bf2 h6 59.c5 Qb5  1-0

[Event "Manila ol (Men)"]
[Site "Manila"]
[Date "1992.??.??"]
[Round "?"]
[White "Djurhuus, Rune"]
[Black "Nevednichy, Vladislav"]
[Result "1-0"]
[WhiteElo "2420"]
[BlackElo "2470"]

1.e4 d6 2.d4 Nf6 3.Nc3 e5 4.Nf3 Nbd7 5.Bc4 Be7 6.O-O O-O 7.Re1 c6 8.a4 a5
9.h3 Re8 10.Be3 h6 11.Qd2 Bf8 12.Rad1 Qc7 13.Ba2 exd4 14.Bxd4 Ne5 15.Nh4 Be6
16.b3 g5 17.Nf5 Bxf5 18.exf5 Ned7 19.h4 gxh4 20.Qf4 Rxe1+ 21.Rxe1 Re8 22.Rxe8 Nxe8
23.Ne4 d5 24.Qg4+ Ng7 25.Bxg7 Bxg7 26.f6 Nxf6 27.Nxf6+ Kf8 28.Qxg7+  1-0

[Event "Manila ol (Women)"]
[Site "Manila"]
[Date "1992.??.??"]
[Round "?"]
[White "Battsetseg, Tuvshintugs"]
[Black "Sheremetieva, Marina"]
[Result "1-0"]
[WhiteElo "2195"]
[BlackElo "2195"]

1.e4 d6 2.d4 Nf6 3.Nc3 e5 4.Nf3 Nbd7 5.Bc4 Be7 6.O-O O-O 7.Re1 c6 8.a4 a5
9.h3 exd4 10.Qxd4 Nc5 11.Bf4 Be6 12.Rad1 Qb6 13.Bxe6 fxe6 14.e5 dxe5 15.Qxe5 Qxb2
16.Nd5 Qxe5 17.Nxe7+ Kf7 18.Rxe5 Nfd7 19.Rh5 Rfd8 20.Bd6 Ne4 21.Ng5+ Nxg5
22.Rxg5 Nf6 23.Rd3 Rxd6 24.Rxd6 Ne4 25.Rd7 Nxg5 26.Nxc6+ Kf6 27.Rxb7 Ra6
28.Nb8 Rd6 29.Nd7+ Kg6 30.Ne5+ Kf6 31.Ng4+ Kg6 32.Rb5 Rd1+ 33.Kh2 Rd2 34.c4 Ne4
35.Rxa5 h5 36.Ne5+ Kf6 37.f4 Nc3 38.c5 Ne2 39.c6 Rc2 40.Nd7+ Ke7 41.Ra7 Kd6
42.Nb8 Nxf4 43.Rd7+ Kc5 44.Rxg7 Kb4 45.c7 Nd5 46.Na6+ Kxa4 47.Rg8 Nb6 48.Rg5 Nd5
49.Rxh5 Kb5 50.Rh8 Nb6 51.c8=Q Nxc8 52.Nb8 Kb6 53.Nd7+ Kc7 54.Nf6 Kd6 55.h4 Ne7
56.h5 Nf5 57.h6 Rc4 58.g3 Rc2+ 59.Kh3 Rc1 60.h7 Ng7 61.Kg4 Rh1 62.Kg5  1-0

[Event "Manila ol (Women)"]
[Site "Manila"]
[Date "1992.??.??"]
[Round "?"]
[White "Benschop, Anne Marie"]
[Black "Sheremetieva, Marina"]
[Result "1-0"]
[WhiteElo "2200"]
[BlackElo "2195"]

1.e4 d6 2.d4 Nf6 3.Nc3 e5 4.Nf3 Nbd7 5.Bc4 Be7 6.O-O O-O 7.Bb3 c6 8.Qe2 h6
9.dxe5 dxe5 10.Rd1 Qc7 11.Nh4 Nc5 12.Ng6 Re8 13.Nxe7+ Qxe7 14.f3 b5 15.Be3 a5
16.Qf2 Nfd7 17.a4 Nxb3 18.cxb3 b4 19.Nb1 Ba6 20.Nd2 Nf8 21.Rac1 Qb7 22.Nc4 Bxc4
23.Rxc4 Rad8 24.Rdc1 Re6 25.Qc2 Ng6 26.g3 Ne7 27.Rd1 Qc7 28.Bc5 Nc8 29.Qe2 Rxd1+
30.Qxd1 Nd6 31.Rc2 Nb7 32.Be3 Rd6 33.Rd2 Qd7 34.Rxd6 Qxd6 35.Qxd6 Nxd6 36.Kf2 f6
37.Ke2 Kf7 38.Kd3 h5 39.Bb6 Nb7 40.Kc4 Ke6 41.Bxa5 Nxa5+ 42.Kxb4 Nb7 43.a5 Nd6
44.Kc5 Kd7 45.Kb6 Nc8+ 46.Kb7 Nd6+ 47.Kb8 c5 48.a6 Nb5 49.a7 Nc7 50.a8=Q Nxa8
51.Kxa8 Kc6 52.Kb8 g5 53.h3 f5 54.g4 hxg4 55.hxg4 fxe4 56.fxe4 Kb6 57.Kc8 Kc6
58.Kd8 Kd6 59.Ke8 Ke6 60.Kf8  1-0

[Event "Manila ol (Women)"]
[Site "Manila"]
[Date "1992.??.??"]
[Round "?"]
[White "Bazaj Bockai, Snjezana"]
[Black "Sheremetieva, Marina"]
[Result "0-1"]
[WhiteElo "2220"]
[BlackElo "2195"]

1.e4 d6 2.d4 Nf6 3.Nc3 e5 4.dxe5 dxe5 5.Qxd8+ Kxd8 6.Bg5 Be6 7.O-O-O+ Nd7
8.Nf3 Kc8 9.h3 h6 10.Be3 c6 11.a3 b5 12.Bd3 a5 13.a4 b4 14.Nb1 Kc7 15.Nbd2 Bc5
16.Bxc5 Nxc5 17.Nxe5 Nxa4 18.Bc4 Rhe8 19.Nxf7 Bxc4 20.Nxc4 Rxe4 21.Nfd6 Rf4
22.Rhe1 Nd5 23.f3 Nc5 24.b3 a4 25.Ne8+ Kb7 26.Ned6+ Kc7 27.bxa4 Rxa4 28.Kb2 Ra8
29.Ra1 Rxa1 30.Rxa1 Kb8 31.Re1 Rf8 32.Ne8 Nf4 33.Na5 Ncd3+ 34.cxd3 Nxd3+
35.Kb3 Nxe1 36.Nxc6+ Kb7  0-1

[Event "Massy op"]
[Site "Massy"]
[Date "1992.??.??"]
[Round "6"]
[White "Belkhodja, Slim"]
[Black "Okhotnik, Vladimir"]
[Result "1/2-1/2"]
[WhiteElo "2415"]
[BlackElo "2375"]

1.e4 d6 2.d4 Nf6 3.Nc3 c6 4.Bg5 Nbd7 5.f4 h6 6.Bh4 Qb6 7.e5 dxe5 8.fxe5 Qxb2
9.Nge2 Nd5 10.Nxd5 cxd5 11.Rb1 Qa3 12.Qd2 a6 13.Rb3 Qa4 14.Nc3 Qc6 15.Be2 Nb6
16.O-O Nc4 17.Bxc4 Qxc4 18.Nd1 Qc6 19.Ne3 Be6 20.c4 dxc4 21.d5 Bxd5 22.Qxd5 Qxd5
23.Nxd5 cxb3 24.Nc7+ Kd7 25.Nxa8 bxa2 26.Ra1 e6 27.Bf2 Bb4 28.Nb6+ Kc6 29.Rxa2 Rd8  1/2-1/2

[Event "Massy op"]
[Site "Massy"]
[Date "1992.??.??"]
[Round "8"]
[White "Boudre, Jean Pierre"]
[Black "Okhotnik, Vladimir"]
[Result "1-0"]
[WhiteElo "2405"]
[BlackElo "2375"]

1.e4 d6 2.d4 Nf6 3.Nc3 c6 4.f4 Qa5 5.Bd3 e5 6.Nf3 Bg4 7.Be3 Nbd7 8.O-O Be7
9.Kh1 a6 10.Qd2 Bxf3 11.gxf3 Rd8 12.Rg1 Nh5 13.a3 Ndf6 14.fxe5 dxe5 15.d5 c5
16.Rad1 Qc7 17.Bf1 Qd6 18.Ne2 g6 19.c4 O-O 20.Ng3 Nxg3+ 21.hxg3 Nd7 22.g4 Rb8
23.a4 b6 24.Bd3 Nf6 25.Rg2 Ne8 26.Bf2 a5 27.Rh2 f6 28.Bh4 Kf7 29.g5 Rh8 30.f4 fxg5
31.fxg5 Qd7 32.b3 Nd6 33.Qe2  1-0

[Event "Capablanca mem-A"]
[Site "Matanzas"]
[Date "1992.??.??"]
[Round "7"]
[White "Calderin, Roberto"]
[Black "Urday, Henry"]
[Result "0-1"]
[WhiteElo "2415"]
[BlackElo "2480"]

1.d4 d6 2.e4 Nf6 3.Nc3 c6 4.f3 Nbd7 5.Be3 e5 6.Nge2 b5 7.Qd2 Nb6 8.b3 Qc7
9.g4 a5 10.a4 b4 11.Nd1 Ba6 12.Ng3 Bxf1 13.Kxf1 h5 14.dxe5 dxe5 15.Bxb6 Qxb6
16.g5 Rd8 17.Qg2 Nd7 18.g6 fxg6 19.Ne2 Kf7 20.Nb2 Bc5 21.Qh3 Bd4 22.Nxd4 exd4
23.Nc4 Qc7 24.Rg1 Rhe8 25.Rg5 Nb6 26.Nb2 Rxe4 27.fxe4 Qf4+ 28.Ke2 Qxg5 29.Qg3 Qxg3
30.hxg3 Ke6 31.Rf1 Nd7 32.Nd3 Ne5 33.Nxe5 Kxe5 34.Kd3 Rh8 35.Rf7 h4 36.gxh4 Rxh4
37.Re7+ Kf6 38.Ra7 Rh3+ 39.Kxd4 g5 40.Rxa5 g4 41.Rf5+ Ke6 42.a5 Rc3  0-1

[Event "Mesa op2"]
[Site "Mesa"]
[Date "1992.??.??"]
[Round "?"]
[White "Sion Castro, Marcelino"]
[Black "Gomez, Adalberto"]
[Result "1/2-1/2"]
[WhiteElo "2400"]
[BlackElo "2325"]

1.e4 d6 2.d4 Nf6 3.Nc3 c6 4.f3 Qc7 5.Be3 e5 6.Qd2 Be7 7.g4 h5 8.g5 Nfd7 9.f4 exf4
10.Bxf4 Nf8 11.Nf3 Ng6 12.Be3 Bg4 13.Qf2 Be6 14.O-O-O d5 15.exd5 Bxd5 16.Nxd5 cxd5
17.Bd3 Nd7 18.Bxg6 fxg6 19.Nh4 Qc6 20.Rhe1 Rf8 21.Bf4 Rf7 22.Rd3 Kf8 23.Qg3 Kg8
24.Rde3 Bb4 25.c3 Nf8 26.Kb1 Ba5 27.Bd6 Bc7 28.Bxc7 Qxc7 29.Re5 Rd8 30.Ng2 Kh7
31.Nf4 Nd7 32.Ne6 Qd6 33.Nxd8 Nxe5 34.Nxf7 Nxf7 35.Qxd6 Nxd6 36.Re5 Nf5 37.Rxd5 Kg8
38.Rd7 Nh4 39.Kc2 Nf3 40.Kd3 Nxh2 41.Ke4 Nf1 42.Kf4 Nd2 43.Rxb7 Nc4 44.d5 Nd6
45.Rxa7 h4 46.Kg4 Nf5 47.d6 Nxd6 48.Rd7 Nf5 49.a4 Ne3+ 50.Kxh4 Nc4  1/2-1/2

[Event "Mesa op"]
[Site "Mesa"]
[Date "1992.??.??"]
[Round "?"]
[White "Barlov, Dragan"]
[Black "Rivas Pastor, Manuel"]
[Result "1-0"]
[WhiteElo "2460"]
[BlackElo "2520"]

1.d4 d6 2.e4 Nf6 3.Nc3 e5 4.Nf3 Nbd7 5.Bc4 Be7 6.O-O O-O 7.Qe2 exd4 8.Nxd4 Ne5
9.Bf4 Nxc4 10.Qxc4 c5 11.Nde2 Be6 12.Qd3 d5 13.exd5 Nxd5 14.Qf3 Qd7 15.Rad1 Rad8
16.Qg3 Nxc3 17.Nxc3 Qc6 18.Bc7 Rxd1 19.Rxd1 Re8 20.Be5 f6 21.Bd6 Bd8 22.h3 b5
23.a3 Bf5 24.Rd5 Bxc2 25.Rxc5 Qd7 26.Nd5 Bg6 27.Bc7 a6 28.Bxd8 Rxd8 29.Ne3 Qe7
30.Rc7 Qd6 31.Rc8 Kf7 32.Qxd6 Rxd6 33.Rc7+ Kf8 34.Ra7 Be8 35.Rxg7 Rd2 36.Rxh7 Rxb2
37.Ra7 Ra2 38.Rxa6 b4 39.Rxf6+ Kg7 40.Re6 Bf7 41.Nf5+ Kh7 42.Rf6 b3 43.Rxf7+ Kg6
44.Rb7 b2 45.Nh4+ Kh5 46.Kh2  1-0

[Event "Mlada Boleslav op"]
[Site "Mlada Boleslav"]
[Date "1992.??.??"]
[Round "6"]
[White "Oral, Tomas"]
[Black "Lorenz, Gerd"]
[Result "0-1"]
[WhiteElo "2320"]
[BlackElo "2220"]

1.e4 d6 2.d4 Nf6 3.Nc3 e5 4.Nf3 Nbd7 5.h3 Be7 6.Bc4 O-O 7.O-O c6 8.a4 b6
9.d5 Bb7 10.Re1 Rc8 11.dxc6 Bxc6 12.Ba6 Rb8 13.Bb5 Bb7 14.Bg5 Rc8 15.Bxf6 Nxf6
16.Qd3 Rc5 17.Ba6 Ba8 18.Bc4 Qc7 19.Bb3 Bc6 20.Rad1 Rd8 21.Ng5 Be8 22.Qe3 Rc8
23.Rd2 a6 24.Red1 b5 25.axb5 axb5 26.Nf3 h6 27.Ne1 Bc6 28.Nd5 Nxd5 29.exd5 Bg5
30.Qf3 Bxd2 31.Rxd2 Be8 32.Nd3 Qa5 33.Nxc5 Qxd2 34.Ne4 Qc1+ 35.Kh2 Rd8 36.g3 Qe1
37.c3 f6 38.Bc2 Qc1 39.Qf5 Bf7 40.Nxd6 Bxd5 41.Qh7+ Kf8 42.Qh8+ Ke7 43.Qxg7+ Kxd6
44.Qxf6+ Kc5 45.Qe7+ Kc6 46.Be4 Bxe4 47.Qe6+ Kb7 48.Qe7+ Ka6 49.Qe6+ Ka7
50.Qe7+ Bb7  0-1

[Event "Mlada Boleslav op"]
[Site "Mlada Boleslav"]
[Date "1992.??.??"]
[Round "7"]
[White "Horak, Michal"]
[Black "Lorenz, Gerd"]
[Result "1/2-1/2"]
[WhiteElo "2300"]
[BlackElo "2220"]

1.e4 d6 2.d4 Nf6 3.Nc3 e5 4.Nf3 Nbd7 5.Bc4 Be7 6.Bg5 c6 7.a4 O-O 8.O-O Nxe4
9.Bxe7 Qxe7 10.Nxe4 d5 11.Ng3 dxc4 12.Qe2 Re8 13.Rfe1 Nf8 14.Nxe5 Be6 15.c3 Ng6
16.h3 Bd5 17.Nxg6 Qxe2 18.Nxe2 hxg6 19.Nf4 g5 20.Nxd5 cxd5 21.Kf1 Kf8 22.Rxe8+ Rxe8
23.b4 cxb3 24.Rb1 Rc8 25.Rxb3 b6 26.a5 bxa5 27.Ra3 f6 28.Rxa5 Rxc3 29.Rxd5 Rc8  1/2-1/2

[Event "Moscow VDFSO"]
[Site "Moscow"]
[Date "1992.??.??"]
[Round "?"]
[White "Muhutdinov, Marat"]
[Black "Maljutin, Evgeni"]
[Result "1-0"]
[WhiteElo "2440"]
[BlackElo "2465"]

1.e4 d6 2.d4 Nf6 3.Nc3 e5 4.dxe5 dxe5 5.Qxd8+ Kxd8 6.Bg5 Be6 7.O-O-O+ Nd7
8.g3 Be7 9.f4 g6 10.Nf3 exf4 11.gxf4 Nh5 12.f5 gxf5 13.exf5 Bxf5 14.Be2 Be6
15.Nd5 Bxg5+ 16.Nxg5 Bxd5 17.Rxd5 Nf4 18.Rd2 Ke7 19.Rf1 Rhg8 20.h4 Rxg5 21.hxg5 Ne6
22.Bg4 Ndc5 23.Re2 Rg8 24.Rf5 b6 25.b4 Nb7 26.Rxf7+  1-0

[Event "Moscow VDFSO"]
[Site "Moscow"]
[Date "1992.??.??"]
[Round "?"]
[White "Vorotnikov, Vladislav V"]
[Black "Sokolovs, Andrei"]
[Result "1/2-1/2"]
[WhiteElo "2430"]
[BlackElo "2435"]

1.e4 d6 2.d4 Nf6 3.Nc3 e5 4.dxe5 dxe5 5.Qxd8+ Kxd8 6.f4 Bb4 7.Bd3 exf4 8.Bxf4 Be6
9.Nf3 Nbd7 10.O-O-O Bxc3 11.bxc3 Kc8 12.Nd4 Ng4 13.Nxe6 fxe6 14.Bc4 Re8 15.Rhf1 e5
16.Bf7 Re7 17.Bg5 Ngf6 18.Bh5 a5 19.Bg4 Ra6 20.Rd5 Rd6 21.Bxd7+ Kxd7 22.Bxf6 gxf6
23.Rxf6 Kc6 24.Rfxd6+ cxd6 25.Rxa5 Rg7 26.g3 h5 27.Ra8 h4 28.gxh4 Rh7 29.Rc8+ Kd7
30.Rg8 Rxh4 31.Rg2 Rxe4 32.Rg7+ Kc6 33.Rh7 Re2 34.a4 e4 35.a5  1/2-1/2

[Event "Alekhine op"]
[Site "Moscow"]
[Date "1992.??.??"]
[Round "?"]
[White "Zaitsev, Igor A"]
[Black "Rashkovsky, Nukhim N"]
[Result "1/2-1/2"]
[WhiteElo "2445"]
[BlackElo "2530"]

1.e4 d6 2.d4 Nf6 3.Nc3 e5 4.Nf3 Nbd7 5.Bc4 Be7 6.O-O O-O 7.Re1 c6 8.a4 a5
9.h3 Re8 10.Be3 Qc7 11.Qb1 exd4 12.Bxd4 Ne5 13.Bxe5 dxe5 14.Na2 Rb8 15.Nc1 b5
16.Bb3 Nd7 17.Qa2 Rf8 18.Nd3 bxa4 19.Bc4 a3 20.bxa3 Bd6 21.a4 Nc5 22.Nxc5 Bxc5
23.c3 Qe7 24.Rab1 Rxb1 25.Rxb1 Ba7 26.Rd1 g6 27.Qd2  1/2-1/2

[Event "Alekhine op"]
[Site "Moscow"]
[Date "1992.??.??"]
[Round "?"]
[White "Savon, Vladimir A"]
[Black "Malaniuk, Vladimir P"]
[Result "0-1"]
[WhiteElo "2420"]
[BlackElo "2540"]

1.e4 d6 2.d4 Nf6 3.Nc3 e5 4.dxe5 dxe5 5.Qxd8+ Kxd8 6.Nf3 Bd6 7.Bg5 Be6 8.O-O-O Nd7
9.Bb5 Kc8 10.Rhe1 a6 11.Bf1 h6 12.Bh4 Bb4 13.Bxf6 gxf6 14.Nd2 c6 15.Bc4 Bxc3
16.bxc3 Kc7 17.Kb2 Nc5 18.Bb3 Rhg8 19.g3 a5 20.Kc1 h5 21.Re3 a4 22.Bxe6 fxe6
23.Nf3 Rg4 24.Rde1 Rg7 25.Rf1 Nd7 26.Nh4 Ra5 27.Rd1 Nb6 28.Rf3 Rf7 29.Rfd3 Rb5
30.Rd8 a3 31.Ng6 Rb2 32.Nf8 Nc4 33.Nxe6+ Kb6 34.Ra8 Rxa2 35.Kb1 Rb2+ 36.Ka1 Re7
37.Nf8 Rxc2 38.Nd7+ Rxd7 39.Rxd7 Na5 40.Rxa5 Kxa5 41.Rxb7 Rxf2 42.Rb3 Rxh2
43.Rxa3+ Kb5  0-1

[Event "Alekhine op"]
[Site "Moscow"]
[Date "1992.??.??"]
[Round "?"]
[White "Timoshchenko, Gennadi A"]
[Black "Belikov, Vladimir"]
[Result "1-0"]
[WhiteElo "2515"]
[BlackElo "2460"]

1.d4 d6 2.e4 Nf6 3.Nc3 e5 4.Nf3 Nbd7 5.Bc4 Be7 6.O-O O-O 7.Re1 c6 8.a4 h6
9.h3 Re8 10.Bf1 Bf8 11.g3 b6 12.Bg2 Bb7 13.b3 a6 14.Bb2 b5 15.axb5 axb5 16.Rxa8 Qxa8
17.Nb1 c5 18.d5 Nb6 19.Nfd2 Nfd7 20.Na3 Ba6 21.Bf1 b4 22.Nac4 Nxc4 23.Nxc4 Bxc4
24.Bxc4 Qa2 25.Bc1 Nb6 26.Bb5 Rb8 27.Qe2 Qa5 28.Bd3 Be7 29.h4 Nc8 30.Bd2 Na7
31.Qf1 Nb5 32.Bxb5 Qxb5 33.Qxb5 Rxb5 34.Ra1 Rb7 35.Ra8+ Kh7 36.h5 g6 37.hxg6+ Kxg6
38.Kf1 f5 39.f3 h5 40.exf5+ Kxf5 41.Rh8 e4 42.Rxh5+ Kg6 43.Rh6+ Kf5 44.Re6 exf3
45.Kf2 Kg4 46.Re4+ Kh5 47.Kxf3 Kg6 48.Re6+ Kf7 49.Bf4 Ra7 50.Ke4 Ra2 51.Kd3 Ra6
52.g4 Ra1 53.Bxd6 Bf6 54.Be5  1-0

[Event "Moscow VDFSO"]
[Site "Moscow"]
[Date "1992.??.??"]
[Round "?"]
[White "Korsunsky, Yuri"]
[Black "Vorotnikov, Vladislav V"]
[Result "1/2-1/2"]
[WhiteElo "2460"]
[BlackElo "2430"]

1.d4 d6 2.e4 Nf6 3.Nc3 e5 4.dxe5 dxe5 5.Qxd8+ Kxd8 6.Bg5 c6 7.O-O-O+ Kc7
8.Bc4 Be6 9.Bxe6 fxe6 10.f4 Ng4 11.Bd8+ Kc8 12.Bh4 Nd7 13.fxe5 g5 14.Bg3 Ne3
15.Rd3 Nxg2 16.Nge2 Bc5 17.Rf1 Rf8 18.Rxf8+ Nxf8 19.Rf3 Kd7 20.Bf2 Be7 21.Na4 Ng6
22.Rd3+ Ke8 23.Nc5 N2f4 24.Nxf4 Nxf4 25.Rf3 Bxc5 26.Bxc5 Kf7 27.h4 h6 28.hxg5 hxg5
29.Be3 Kg6 30.Bxf4 Rf8 31.Kd2 Rxf4 32.Rxf4 gxf4 33.Ke2 Kh5 34.Kf3 Kg5 35.b4 b6
36.a4 a5 37.bxa5 bxa5 38.c3 c5 39.c4 Kh5 40.Kxf4 Kh4 41.Kf3 Kh3 42.Kf4 Kh4
43.Kf3  1/2-1/2

[Event "Alekhine op"]
[Site "Moscow"]
[Date "1992.??.??"]
[Round "?"]
[White "Kharlov, Andrei"]
[Black "Panchenko, Alexander N"]
[Result "1-0"]
[WhiteElo "2555"]
[BlackElo "2465"]

1.e4 d6 2.d4 Nf6 3.Nc3 e5 4.Nf3 Nbd7 5.Bc4 Be7 6.O-O O-O 7.a4 c6 8.Re1 Qc7
9.h3 b6 10.Bg5 Bb7 11.Re2 a6 12.d5 cxd5 13.Bxd5 Bxd5 14.Bxf6 Nxf6 15.Nxd5 Nxd5
16.Qxd5 Rfc8 17.Ne1 Rab8 18.Nd3 Qc4 19.Qxc4 Rxc4 20.a5 b5 21.c3 d5 22.Nxe5 Rxe4
23.Rxe4 dxe4 24.Nc6 Rb7 25.Nxe7+ Rxe7 26.Rd1 Kf8 27.Rd6 Re6 28.Rxe6 fxe6
29.Kh2 Ke7 30.Kg3 Kd6 31.Kf4 Kc5 32.b3 b4 33.c4 Kd4 34.h4  1-0

[Event "Alekhine op"]
[Site "Moscow"]
[Date "1992.??.??"]
[Round "?"]
[White "Aseev, Konstantin N"]
[Black "Belikov, Vladimir"]
[Result "1-0"]
[WhiteElo "2550"]
[BlackElo "2460"]

1.e4 d6 2.d4 Nf6 3.Nc3 e5 4.Nf3 Nbd7 5.Bc4 Be7 6.O-O O-O 7.Re1 c6 8.a4 a5
9.Ba2 h6 10.Qd3 exd4 11.Nxd4 Ne5 12.Qd1 Re8 13.h3 Ng6 14.Be3 Bf8 15.Qe2 Qe7
16.f3 Qc7 17.Qd2 d5 18.exd5 Bd6 19.dxc6 bxc6 20.Ne4 Bh2+ 21.Kh1 Nh5 22.Bf2 Bd7
23.Rad1 Rad8 24.Qc3 Ng3+ 25.Nxg3 Bxg3 26.Qc4 Bxh3 27.Rxe8+ Rxe8 28.Qxf7+ Qxf7
29.Bxf7+ Kxf7 30.Bxg3 Bd7 31.Nxc6 Bf5 32.Nd4 Bd7 33.Nb5 Re7 34.Nd6+ Ke6 35.Nb7 Be8
36.Nxa5 Ra7 37.Re1+ Kd7 38.Nc4 Bf7 39.Nb6+ Kd8 40.b3 h5 41.c4 h4 42.Bd6 Bg8
43.Kh2 Rf7 44.a5 Ra7 45.b4 Bf7 46.Re4 Be8 47.Rg4  1-0

[Event "Moscow VDFSO"]
[Site "Moscow"]
[Date "1992.??.??"]
[Round "?"]
[White "Barskij, Vladimir"]
[Black "Sokolovs, Andrei"]
[Result "0-1"]
[WhiteElo "2325"]
[BlackElo "2435"]

1.e4 d6 2.d4 Nf6 3.Nc3 e5 4.dxe5 dxe5 5.Qxd8+ Kxd8 6.Bc4 Be6 7.Bxe6 fxe6
8.Bg5 Bd6 9.O-O-O Ke7 10.Nge2 h6 11.Bd2 Nbd7 12.f3 a6 13.g4 Raf8 14.Rdf1 Rf7
15.Ng3 Nh7 16.Kd1 Ng5 17.Ke2 Nh3 18.Rd1 Nf8 19.Be3 Ng6 20.Nb1 Ngf4+ 21.Kf1 Ng6
22.Nd2 Nh4 23.Ke2 Ng2 24.Ngf1 Rhf8 25.a3 a5 26.Rb1 Ke8 27.Rd1 Be7 28.Rb1 b6
29.Ra1 Bg5 30.a4 Nh4 31.Ra3 Bxe3 32.Rxe3 Ng5 33.Ng3 Ngxf3 34.Nxf3 Nxf3 35.c3 Nh4
36.Rf1 Ng2 37.Rxf7 Rxf7 38.Rf3 Nf4+ 39.Kd2 Rd7+ 40.Kc2 Ng2 41.Kc1 Nf4 42.Nf1 Nd3+
43.Kb1 Nc5 44.Kc2 Nxe4 45.Re3 Rf7 46.Rxe4 Rxf1 47.Rxe5 Rf2+ 48.Kd3 Ke7 49.b4 axb4
50.cxb4 Rxh2 51.a5 bxa5 52.bxa5 Kd6 53.Rb5 Rg2 54.Rb4 Ra2 55.Rb5 g5  0-1

[Event "Moscow rapid"]
[Site "Moscow"]
[Date "1992.??.??"]
[Round "?"]
[White "Razuvaev, Yuri S"]
[Black "Chekhov, Valery A"]
[Result "0-1"]
[WhiteElo "2565"]
[BlackElo "2535"]

1.d4 d6 2.e4 Nf6 3.Nc3 e5 4.Nf3 Nbd7 5.Bc4 Be7 6.O-O O-O 7.h3 c6 8.a4 h6
9.Qe2 Re8 10.Rd1 exd4 11.Nxd4 Bf8 12.Be3 Nxe4 13.Nxe4 d5 14.Bxd5 cxd5 15.Nc3 Nf6
16.Qf3 Bb4 17.Nde2 Be6 18.Bd4 Ne4 19.Nf4 Nxc3 20.bxc3 Bd6 21.Nh5 Bf8 22.c4 Rc8
23.c5 Qg5 24.Rab1 Rc7 25.Re1 Rec8 26.c3 Bf5 27.Re5 Be4 28.Qd1 Qxg2+  0-1

[Event "Moscow rapid"]
[Site "Moscow"]
[Date "1992.??.??"]
[Round "?"]
[White "Moskalenko, Viktor"]
[Black "Chekhov, Valery A"]
[Result "1/2-1/2"]
[WhiteElo "2535"]
[BlackElo "2535"]

1.d4 d6 2.e4 Nf6 3.Nc3 e5 4.dxe5 dxe5 5.Qxd8+ Kxd8 6.Bc4 Be6 7.Bxe6 fxe6
8.Nge2 a6 9.f3 Nbd7 10.Be3 Bd6 11.Nc1 b5 12.a4 b4 13.Nd1 a5 14.b3 Ke7 15.Nd3 Nb6
16.N1b2 Nfd7 17.Ke2 c5 18.Rhd1 h6 19.Rd2 Rhc8 20.Rad1 Rc6 21.f4 exf4 22.Nxf4 Bxf4
23.Bxf4 Nf6 24.Kf3 c4 25.Rd6 Rac8 26.bxc4 Nxc4 27.Nxc4 Rxc4 28.Ra6 Rxc2 29.Rxa5 R8c3+
30.Be3 Ng4 31.Kxg4 Rxe3 32.Kf4 Rce2 33.Rd4 b3 34.Ke5 Kf7 35.Ra7+ Kg6 36.Rb7 b2
37.a5 Ra3 38.Rdd7 Rxa5+ 39.Kf4 Kh5 40.Rxg7 Rg5 41.Rxg5+ hxg5+ 42.Kf3 Rc2  1/2-1/2

[Event "Moscow Tal mem"]
[Site "Moscow"]
[Date "1992.??.??"]
[Round "?"]
[White "Murrey, Jacob"]
[Black "Malaniuk, Vladimir P"]
[Result "1/2-1/2"]
[WhiteElo "2500"]
[BlackElo "2540"]

1.e4 d6 2.d4 Nf6 3.Nc3 e5 4.dxe5 dxe5 5.Qxd8+ Kxd8 6.Bc4 Be6 7.Bxe6 fxe6
8.Nf3 Bd6 9.Be3 Nfd7 10.O-O-O Nc6  1/2-1/2

[Event "Moscow Tal mem"]
[Site "Moscow"]
[Date "1992.??.??"]
[Round "?"]
[White "Makarichev, Sergey"]
[Black "Malaniuk, Vladimir P"]
[Result "1-0"]
[WhiteElo "2530"]
[BlackElo "2540"]

1.e4 d6 2.d4 Nf6 3.Nc3 e5 4.Nf3 Nbd7 5.g3 Be7 6.Bg2 O-O 7.O-O Re8 8.h3 Bf8
9.Re1 a6 10.a4 b6 11.d5 Bb7 12.Nd2 c6 13.dxc6 Bxc6 14.Nc4 Qc7 15.Ne3 Rac8
16.g4 Qb7 17.Ned5 Bxd5 18.exd5 g6 19.g5 Nh5 20.Bf3 Nf4 21.Ne4 Rc4 22.Bg4 Rxe4
23.Rxe4 Nc5 24.Rxf4 exf4 25.Bxf4 Re4 26.Be3 Rxa4 27.Rxa4 Nxa4 28.Qd4 b5 29.b3 Nc5
30.Qf6 Be7 31.Qf3 Qc7 32.Bd2 Bf8 33.Qe3 Qb7 34.Bf3 Qc8 35.Bg4 Qb7 36.Bf3 Qc8
37.Bc3  1-0